On the etymology of Slav. sani, Ural. *śona, Alt. čana 'sledge'

Elmentve itt :
Bibliográfiai részletek
Szerző: Menges Karl Heinrich
Dokumentumtípus: Cikk
Megjelent: Almqvist och Wiksell Uppsala 1970
Sorozat:Orientalia Suecana
Kulcsszavak:Etimológia - szláv nyelvek
Tárgyszavak:
Online Access:http://misc.bibl.u-szeged.hu/63711
LEADER 00813nab a2200229 i 4500
001 misc63711
005 20230131131046.0
008 220802s1970 hu o 0|| eng d
040 |a SZTE Miscellanea Repozitórium  |b hun 
041 |a eng 
100 1 |a Menges Karl Heinrich 
245 1 3 |a On the etymology of Slav. sani, Ural. *śona, Alt. čana 'sledge'  |h [elektronikus dokumentum] /  |c  Menges Karl Heinrich 
260 |a Almqvist och Wiksell  |b Uppsala  |c 1970 
300 |a 153-162  |c 24 cm 
300 |a [10] p.  |c 24 cm 
490 0 |a Orientalia Suecana 
561 |a Németh Gyula hagyaték 
591 |a NOA 3638; NOA 3637 
650 4 |a Bölcsészettudományok 
650 4 |a Nyelvek és irodalom 
695 |a Etimológia - szláv nyelvek 
856 4 0 |u http://misc.bibl.u-szeged.hu/63711/1/3637_noa_m53.pdf  |z Dokumentum-elérés